| 000 | 00650nam a22002057a 4500 | ||
|---|---|---|---|
| 003 | 0 | ||
| 005 | 20250814103241.0 | ||
| 008 | 250814b xxu||||| |||| 00| 0 eng d | ||
| 020 | _a979-8-88836-720-9 | ||
| 050 |
_aQP 34.5 _b.W47 2025 |
||
| 100 |
_aWestley, Allyson, _eauthor. |
||
| 245 |
_aEssentials of human anatomy and physiology / _cAllyson Westley. |
||
| 260 |
_aNew York, NY : _bLarsen & Keller, _c2025. |
||
| 300 |
_aviii, 221 pages : _bcolored illustrations ; _c26 cm. |
||
| 504 | _aIncludes bibliographical references and index. | ||
| 650 | _aHuman physiology. | ||
| 650 | _aHuman anatomy. | ||
| 650 | _aHuman biology. | ||
| 942 |
_2lcc _cBK |
||
| 999 |
_c367510 _d367510 |
||